| 000 | 00473aam a2200205 4500 | ||
|---|---|---|---|
| 005 | 20161201153445.0 | ||
| 008 | 150416b xxu||||| |||| 00| 0 spa d | ||
| 041 | _aspa | ||
| 082 | _a004.56 V369t | ||
| 100 |
_aVaughan, Tay _99080 |
||
| 245 | _aTodo el poder de multimedia | ||
| 250 | _a2 edición | ||
| 260 | _aMéxico | ||
| 260 | _bMcGraw-Hill | ||
| 260 | _c1995 | ||
| 300 | _a546 páginas | ||
| 650 |
_aMULTIMEDIA _92441 |
||
| 650 |
_aCD ROM _99045 |
||
| 942 | _cBK | ||
| 999 |
_c4653 _d4653 |
||